Biblioteca ESET

El escarabajo de oro / tomo ll | Edición facsimilar (Registro nro. 1177)

Detalles MARC
000 -CABECERA
fixed length control field 01122nam a22002657a 4500
003 - CONTROL NUMBER IDENTIFIER
control field AR-BeUNQ
005 - FECHA Y HORA DE LA ULTIMA TRANSACCION
control field 20250220173546.0
008 - ELEMENTOS DE LONGITUD FIJA-INFORMACION GENERAL
fixed length control field 250220b |||||||| |||| 00| 0 spa d
040 ## - FUENTE DE CATALOGACION
Agencia de catalogación original AR-BeUNQ
Idioma de catalogación ESPAÑOL
Agencia que realiza la transcripción AR-BeUNQ
Convenciones de la descripción aacr
082 ## - NUMERO DE CLASIFICACION DECIMAL DEWEYMBER
Número de clasificación 807
Número de la edición 21
100 ## - ASIENTO PRINCIPAL-NOMBRE PERSONAL
Nombre personal Castillo,Abelardo
Numeración 1935-2017
245 ## - MENCION DE TITULO
Título El escarabajo de oro / tomo ll
Mención de responsabilidad, etc Abelardo Castillo.
Otra información sobre el título Edición facsimilar
250 ## - MENCION DE EDICION
Mención de edición 1a ed.
Resto de la mención de edición especial
260 ## - PUBLICACION, DISTRIBUCION, ETC.
Lugar de publicación, distribución, etc. Ciudad Autonima de Buenos Aires
Nombre del editor, distribuidor, etc. Biblioteca Nacional
Fecha de publicación, distribución, etc 2015
300 ## - DESCRIPCION FISICA
Extensión 600 p. ;
Dimensiones 32 cm.
490 ## - MENCION DE SERIE
Mención de serie Reediciones y Antologías
506 ## - NOTA DE RESTRICCIONES DE ACCESO
Condiciones de acceso En portada "Ediciones facsimilar"
520 ## - NOTA DE RESUMEN, ETC
Nota de resumen, etc. La colección Reediciones y Antologías esta animada por una mirada que vuelve sobre los textos pasados. Una visita curiosa y cauta que intenta traer al presente un conjunto de escritos capaces de interpelarlos en nuestra existencia común.
521 ## - NOTA DE AUDIENCIA
Source (Descripción del editor)
650 ## - ASIENTO SECUNDARIO DE MATERIA - TERMINO TEMATICO
Término temático o nombre geográfico como elemento de entrada Estudios literarios
655 ## - TERMINO DE INDIZACION - GENERO/FORMA
Datos o término principal de género/forma Estudios literarios
Fuente del encabezamiento o término de indización ttll
655 ## - TERMINO DE INDIZACION - GENERO/FORMA
Datos o término principal de género/forma Historia de la literatura
Fuente del encabezamiento o término de indización ttll
929 ## - DATOS DE ADQUISICION
Procedencia DONACION
Proveedor Biblioteca Nacional
Orden de compra 0
Precio 0
Fecha de recibido 1/9/2022
Patrimonio UNQ PAT0082109
Es copia 1
Número de inventario 60299
942 ## - ELEMENTOS DE PUNTO DE ACCESO ADICIONAL (KOHA)
Tipo de ítem Koha Libros
Existencias
Estado de retiro Estado de pérdida Ubicación permanente Ubicación actual Ubicación en estantería Fecha de ingreso Total Checkouts Signatura topográfica completa Inventario Date last seen Número de copia Tipo de ítem Koha
    Biblioteca ESET - UNQ Biblioteca ESET - UNQ SALA 20/02/2025   807/CAS 60299 20/02/2025 1 Libros

ESET UNQ

☏ 4365-7188
 Avenida República de Francia 1714 entre Doctor Kenny y Concordia, Ezpeleta, Bs As.
✉ secretaria_eset@unq.edu.ar

Con tecnología Koha